000 00471nam a2200181Ia 4500
008 090124s9999 xx 000 0 und d
082 _b115758
100 _aशेंडे ना.रा.
245 _a अन्शुजा
250 _a1
260 _c1974
300 _a160
600 _aशेंडे ना.रा.
630 _a अन्शुजा
700 _aशेंडे ना.रा.
730 _a अन्शुजा
942 _cBOOK
999 _c161849
_d161849